The f-commerce handbook : (Record no. 71693)

MARC details
000 -LEADER
fixed length control field 01008nam a22002537a 4500
005 - DATE AND TIME OF LATEST TRANSACTION
control field 20121127155951.0
008 - FIXED-LENGTH DATA ELEMENTS--GENERAL INFORMATION
fixed length control field 121127t xxu||||| |||| 00| 0 eng d
010 ## - LCCN (DPL NO)
LC control number ENG-106237
020 ## - INTERNATIONAL STANDARD BOOK NUMBER
International Standard Book Number 9781259061202
Terms of availability 150.00
020 ## - INTERNATIONAL STANDARD BOOK NUMBER
International Standard Book Number 1259061205
Terms of availability 150.00
035 ## - SYSTEM CONTROL NUMBER
System control number EN-89770
037 ## - SOURCE OF ACQUISITION
Source of stock number/acquisition DBAD/PUB
040 ## - CATALOGING SOURCE
Original cataloging agency DPL
Language of cataloging Eng
082 ## - DEWEY DECIMAL CLASSIFICATION NUMBER
Classification number 658.872
100 ## - MAIN ENTRY--PERSONAL NAME
Personal name Marsden, Paul
9 (RLIN) 53880
245 00 - TITLE STATEMENT
Title The f-commerce handbook :
Statement of responsibility, etc by Paul Marsden [and] Paul Chaney
Remainder of title 10 secrets for unlocking the sales potential of facebook /
260 ## - PUBLICATION, DISTRIBUTION, ETC. (IMPRINT)
Place of publication, distribution, etc New Delhi
Name of publisher, distributor, etc Tata McGraw-Hill
Date of publication, distribution, etc 2012
270 ## - ADDRESS
Address 7 West Patel Nagar
City New Delhi
Postal code 110008
300 ## - PHYSICAL DESCRIPTION
Extent 89p.
Dimensions 22cm(Hb)
700 ## - ADDED ENTRY--PERSONAL NAME
Personal name Chaney, Paul
9 (RLIN) 53886
942 ## - ADDED ENTRY ELEMENTS (KOHA)
Source of classification or shelving scheme Dewey Decimal Classification
Item type English Books
Classification part 658.872
Call number suffix MAR
Holdings
Withdrawn status Lost status Source of classification or shelving scheme Damaged status Not for loan Collection code Home library Current library Date acquired Source of acquisition Cost, normal purchase price Total Checkouts Full call number Barcode Date last seen Copy number Cost, replacement price Koha item type
    Dewey Decimal Classification   Not For Loan Non-fiction D.B.Act.Division D.B.Act.Division 27/11/2012 DBAD/PUB 150.00   658.872 MAR EN-89770 27/11/2012 1 150.00 English Books

© Delhi Public Library
Hit Counter
free hit counter